000 01115nam a2200265 i 4500
001 189535
003 SpMaBN
005 20250818234635.0
008 190607s1986 sp a |||| |dspa d
020 _a84-7664-049-8
080 _a76 Esteve, Rafael:061.43(460.313 V.)"1986"
245 0 3 _aEl grabador Rafael Esteve, 1772-1847
_b: [exposición preparada por la Real Academia de Bellas Artes de San Fernando y organizada por la Fundación Caja de Pensiones] /
_c[catalogación, Clemente Barrena, cronología, Purificación Nájera].
250 _a1ª ed.
260 _a[Valencia] :
_bFundación Caja de Pensiones,
_c1986.
300 _a133 p. :
_bil. ;
_c21 x 30 cm.
504 _aBibliografía: p. 133.
600 1 7 _aEsteve Vilella, Rafael,
_d1772-1847-
_vExposiciones
_2
_9167312
655 7 _2tgfbne
_9193628
_aCatálogos de exposiciones
700 1 _aEsteve Vilella, Rafael,
_d1772-1847
_9167313
700 1 _aBarrena, Clemente,
_d1959-2011
_9144203
710 2 _aReal Academia de Bellas Artes de San Fernando.
_96291
852 _aES-MaACL
_jL-32432
942 _2udc
999 _c189535
_d189535